Yugioh Spell Cards - Multiple Choice - Statistics

General Stats
  • This quiz has been taken 34 times
  • The average score is 5 of 10
Answer Stats
Question Answer % Correct
The equipped monster gains 1000 ATK. When this card is sent from the field to the GY: You can Tribute 1 monster; place this card on top of your Deck. Axe of Despair
81%
Discard 1 card; destroy all face-up monsters your opponent controls. Lightning Vortex
81%
Target 1 monster your opponent controls; this turn, if you Tribute a monster, you must Tribute that monster, as if you controlled it. You cannot conduct your Battle Phase the turn you activate this card. Soul Exchange
66%
Target 1 Set Spell/Trap your opponent controls; destroy that target. Your opponent cannot activate the targeted card in response to this card's activation. Night Beam
63%
Change all face-up monsters on the field to face-down Defense Position. During the End Phase, flip all face-down Defense Position monsters your opponent controls face-up, and your opponent draws 1 card for each. Book of Eclipse
59%
This card remains on the field for 2 of your opponent's turns. While this card is face-up on the field, no monsters can attack. Nightmare Steelcage
44%
When a monster declares an attack: Target 1 face-up monster on the field; it gains 1000 ATK until the end of the Battle Phase. Ego Boost
41%
The equipped monster cannot attack, also its ATK and DEF become 100. During each of your Standby Phases: Inflict 500 damage to the controller of the equipped monster. Darkworld Shackles
25%
Banish 3 or 6 cards of your choice from your Extra Deck, face-down; for the rest of this turn after this card resolves, any damage your opponent takes is halved, also excavate cards from the top of your Deck equal to the number of cards banished, add 1 excavated card to your hand, place the rest on the bottom of your Deck in any order. You can only activate 1 "____________" per turn. You cannot draw cards by card effects the turn you activate this card. Pot of Prosperity
25%
Once per turn: You can target 1 Level 4 or lower monster you control; it can attack your opponent directly this turn. Send it to the Graveyard at the end of the Battle Phase. Infected Mail
16%
No matching quizzes found
Score Distribution
Percent of People with Each Score
Percentile by Number Answered
Your Score History
You have not taken this quiz